000 00718nam 22002053 4500
001 198171
090 _a198171
100 _a20250929d u||y0pory50 ba
101 _apor
200 _aAs Minhas Universidades
_fMáximo Gorki
_gTradução de Serafim Ferreira ; Revisão de Carlos Capela
210 _aLisboa
_cEditorial Início
_d1971
215 _a416, [16] p.
_cBrochado
_d20 cm
225 _aObras Completas
300 _aMemórias
606 _911
_aLiteratura Russa
675 _a821.161.1-94/GOR/MIN
_vPT
_zpor
700 _aGorki
_bMáximo
_f1868-1936
_cescritor, romancista, dramaturgo, contista e ativista político russo
_92857
801 _aPT
_bBMMN
_gRPC
830 _cCarlos Pinto
_d29-09-2025
_fCarlos Pinto
990 _cLIVROS